Literárna veda ako kultúrna veda
Uložené v:
| Hlavný autor: | |
|---|---|
| Ďalší autori: | , |
| Médium: | Kniha |
| Jazyk: | Slovak |
| Vydavateľské údaje: |
Banská Bystrica
BELIANUM
2017
|
| Vydanie: | 1. vydanie |
| Predmet: | |
| Tagy: |
Žiadne tagy, Buďte prvý, kto otaguje tento záznam!
|
MARC
| LEADER | 00000nam a2200000 4500 | ||
|---|---|---|---|
| 001 | 0306871 | ||
| 005 | 20250206132655.9 | ||
| 020 | |a 978-80-557-1336-6 | ||
| 041 | 0 | |a slo | |
| 044 | |a SK | ||
| 245 | 1 | 0 | |a Literárna veda ako kultúrna veda |c Eva Höhn ; recenzenti: Viera Gažová, Erich Mistrík |
| 250 | |a 1. vydanie | ||
| 264 | 1 | |a Banská Bystrica |b BELIANUM |c 2017 | |
| 300 | |a 101 s. [5 AH] | ||
| 610 | 2 | 0 | |a literatúra |
| 610 | 2 | 0 | |a kultúra |
| 610 | 2 | 0 | |a komunikácia interkultúrna |
| 610 | 2 | 0 | |a vedy humanitné |
| 610 | 2 | 0 | |a filológia |
| 610 | 2 | 0 | |a analýzy |
| 100 | 1 | |a Höhn, Eva, 1968- | |
| 700 | 1 | |a Gažová, Viera | |
| 700 | 1 | |a Mistrík, Erich | |